| 000 | 00685cam a2200205 a 4500 | ||
|---|---|---|---|
| 020 | _a0767430344 (pbk. : acidfree paper) | ||
| 040 | _cDLC | ||
| 082 | 0 | 0 | _a003 MCG 2004 A003 Or. |
| 100 | 1 | _aWest, Richard L. | |
| 245 | 1 | 0 |
_aIntroducing communication theory : _banalysis and application / |
| 250 | _a2nd ed. | ||
| 260 |
_aNew York, N.Y.: _bMcGraw-Hill, _cc2004. |
||
| 300 |
_a1 v. (various pagings) : _bill. ; _c23 cm. |
||
| 650 | 0 | _aInformation theory. | |
| 650 | 0 | _aCommunication. | |
| 700 | 1 | _aTurner, Lynn H. | |
| 856 | 4 | 2 | _uhttp://www.loc.gov/catdir/description/mh031/2003046369.html |
| 856 | 4 | 1 | _uhttp://www.loc.gov/catdir/enhancements/fy0668/2003046369-t.html |
| 942 | _cEK | ||
| 999 |
_c16447 _d16447 |
||